BSOP header

Consensus in theology? : (Record no. 28136)

MARC details
000 -LEADER
fixed length control field 00968nam a2200253 4500
008 - FIXED-LENGTH DATA ELEMENTS--GENERAL INFORMATION
fixed length control field 070116s1980 pau b 000 0 eng
020 ## - INTERNATIONAL STANDARD BOOK NUMBER
International Standard Book Number 0664243223 :Php10 (AGST)
100 1# - MAIN ENTRY--PERSONAL NAME
Personal name Kung, Hans,
Dates associated with a name 1928-
245 10 - TITLE STATEMENT
Title Consensus in theology? :
Remainder of title a dialogue with Hans Kung and Edward Schillebeeckx /
Statement of responsibility, etc by Hans Kung, Edward Schillebeeckx, and David Tracy ... [et al.] ; edited by Leonard Swidler.
260 ## - PUBLICATION, DISTRIBUTION, ETC. (IMPRINT)
Place of publication, distribution, etc Philadelphia :
Name of publisher, distributor, etc Westminster Press,
Date of publication, distribution, etc c1980.
300 ## - PHYSICAL DESCRIPTION
Extent viii, 165 p. ;
Dimensions 23 cm.
336 ## - CONTENT TYPE
Content Type Term text
337 ## - MEDIA TYPE
Media Type Term unmediated
338 ## - CARRIER TYPE
Carrier Type Term volume
500 ## - GENERAL NOTE
General note "Originally published as Journal of ecumenical studies 17, no. 1 (Winter 1980)."
504 ## - BIBLIOGRAPHY, ETC. NOTE
Bibliography, etc Includes bibliographical references.
600 14 - SUBJECT ADDED ENTRY--PERSONAL NAME
Personal name Kung, Hans,
Dates associated with a name 1928-
600 14 - SUBJECT ADDED ENTRY--PERSONAL NAME
Personal name Schillebeeckx, Edward,
Dates associated with a name 1914-
650 #4 - SUBJECT ADDED ENTRY--TOPICAL TERM
Topical term or geographic name as entry element Theology.
700 1# - ADDED ENTRY--PERSONAL NAME
Personal name Schillebeeckx, Edward,
Dates associated with a name 1914-
Relator term joint author.
700 1# - ADDED ENTRY--PERSONAL NAME
Personal name Swidler, Leonard J.
730 0# - ADDED ENTRY--UNIFORM TITLE
Uniform title Journal of ecumenical studies.
942 ## - ADDED ENTRY ELEMENTS (KOHA)
Source of classification or shelving scheme Library of Congress Classification
Item type Books
Holdings
Withdrawn status Lost status Source of classification or shelving scheme Damaged status Not for loan Home library Current library Shelving location Date acquired Inventory number Total Checkouts Full call number Barcode Date last seen Koha item type Copy number Price effective from
    Library of Congress Classification     BSOP Library BSOP Library GC 12/21/2000 30059   BR50 K96c 00034010 02/23/2013 Books    
    Library of Congress Classification     BSOP Library BSOP Library GC 09/17/2019 7359   BR50 K96c c.2 00018852 09/17/2019 Books c.2 09/17/2019
BSOP

Biblical Seminary of the Philippines
  All rights Reserved
  © 2024

CONTACT INFORMATION

Biblical Seminary of the Philippines,
  77-B Karuhatan Road, Valenzuela City,
  PHILIPPINES 1441
  Phone: +632 8292-6795 / 8292-6798
  Fax : +632 8292-6675
  Email: library@bsop.edu.ph